[Event "Titled Tuesday intern op 23rd Jul Early"]
[Site "Chess.com INT"]
[Date "2024.07.23"]
[Round "4"]
[White "Dixit, Nikhil"]
[Black "Le, Tuan Minh"]
[Result "1-0"]
[WhiteElo "2382"]
[BlackElo "2568"]
[PlyCount "61"]
[EventDate "2024.07.23"]
[EventType "swiss (blitz)"]
[EventRounds "11"]
[EventCountry "USA"]
[SourceTitle "EXT 2025"]
[Source "ChessBase"]
[SourceDate "2024.10.14"]
[SourceVersion "1"]
[SourceVersionDate "2024.10.14"]
[SourceQuality "1"]

1. e4 e5 2. Nf3 Nc6 3. Nc3 Nf6 4. d4 exd4 5. Nxd4 Bc5 6. Be3 Bb6 7. Nxc6 bxc6 8. Bxb6 axb6 9. Bd3 d6 10. 0-0 0-0 11. Qf3 Nd7 12. Qg3 Nc5 13. f4 f6 14. Qh4 Be6 15. f5 Bf7 16. Rf3 d5 17. Rh3 h6 18. Rg3 Kh8 19. exd5 cxd5 20. Ne2 Qd6 21. Nf4 Ra4 22. Rf1 Ne4 23. Ng6+ Bxg6 24. Rxg6 Kh7 25. Qh5 Qe7 26. Rf4 Rxa2 27. Bxe4 Ra1+ 28. Kf2 Rf7 29. Rfg4 Qc5+ 30. Kg3 Qe3+ 31. Bf3 1-0

[Event "Titled Tuesday intern op 23rd Jul Early"]
[Site "Chess.com INT"]
[Date "2024.07.23"]
[Round "1"]
[White "Lohani, Sujana"]
[Black "Dixit, Nikhil"]
[Result "0-1"]
[WhiteElo "1806"]
[BlackElo "2382"]
[PlyCount "88"]
[EventDate "2024.07.23"]
[EventType "swiss (blitz)"]
[EventRounds "11"]
[EventCountry "USA"]
[SourceTitle "EXT 2025"]
[Source "ChessBase"]
[SourceDate "2024.10.14"]
[SourceVersion "1"]
[SourceVersionDate "2024.10.14"]
[SourceQuality "1"]

1. e4 c5 2. Nc3 Nc6 3. f4 e6 4. Nf3 g5 5. Nxg5 Bg7 6. e5 h6 7. Nge4 Nge7 8. Nd6+ Kf8 9. Qh5 Ng6 10. Bd3 Qh4+ 11. Qxh4 Nxh4 12. 0-0 Nb4 13. Be4 f5 14. exf6 Bxf6 15. g3 Nf5 16. Nxf5 exf5 17. Bxf5 d5 18. Bd3 Nxd3 19. cxd3 Bd7 20. Nxd5 Bd4+ 21. Ne3 h5 22. h4 Rg8 23. Kf2 Kf7 24. Re1 Rg6 25. Kf3 Bc6+ 26. Kf2 Rag8 27. Rg1 Bb5 28. a4 Bxd3 29. Ra3 c4 30. b3 Bc5 31. bxc4 Rd8 32. Rc3 Be4 33. Rb3 b6 34. Ke1 Bd6 35. Ba3 Bb8 36. c5 Kg8 37. cxb6 axb6 38. f5 Rc6 39. g4 Bh2 40. Rf1 Bg3+ 41. Ke2 Bxh4 42. gxh5 Kh7 43. Rg1 Rc7 44. Rg6 Rcd7 0-1

[Event "Titled Tuesday intern op 16th Jul Early"]
[Site "Chess.com INT"]
[Date "2024.07.16"]
[Round "7"]
[White "Dixit, Nikhil"]
[Black "Esipenko, Andrey"]
[Result "1-0"]
[WhiteElo "2382"]
[BlackElo "2671"]
[PlyCount "163"]
[EventDate "2024.07.16"]
[EventType "swiss (blitz)"]
[EventRounds "11"]
[EventCountry "USA"]
[SourceTitle "EXT 2025"]
[Source "ChessBase"]
[SourceDate "2024.10.14"]
[SourceVersion "1"]
[SourceVersionDate "2024.10.14"]
[SourceQuality "1"]

1. e4 e5 2. Nf3 Nc6 3. Nc3 d6 4. Be2 Bg4 5. 0-0 Bxf3 6. Bxf3 g6 7. g3 Bg7 8. Bg2 h5 9. h4 Bh6 10. Rb1 a5 11. Nd5 Nf6 12. c4 Nd7 13. Ne3 Nc5 14. b3 Ne6 15. d3 Ncd4 16. Bb2 0-0 17. Nc2 Nc6 18. Bc3 Bg7 19. Ne3 Ncd4 20. Nc2 Nxc2 21. Qxc2 c6 22. Bh3 Re8 23. Rbd1 Qb6 24. Kg2 Qc5 25. Bxe6 Rxe6 26. Bd2 d5 27. Be3 Qd6 28. cxd5 cxd5 29. Qc5 Qxc5 30. Bxc5 Rc6 31. Ba3 dxe4 32. dxe4 Rc2 33. Rd7 Rxa2 34. Be7 b5 35. Rc1 Bh6 36. Bg5 Bxg5 37. hxg5 Re2 38. Rcc7 Rf8 39. Rc5 Rxe4 40. Rxb5 Rb4 41. Rxe5 Rxb3 42. Rxa5 Rb6 43. Rad5 Re6 44. Rd8 Rxd8 45. Rxd8+ Kg7 46. Rd5 Re2 47. Rb5 Kf8 48. Rb8+ Ke7 49. Rb7+ Ke6 50. Rb6+ Kd5 51. Rf6 Re7 52. Rf4 Ke5 53. Rf3 Ra7 54. Rf4 Ke6 55. Rf6+ Ke7 56. Rb6 Ra5 57. f4 Ra2+ 58. Kh3 Ra1 59. Rc6 Rd1 60. Kg2 Rd6 61. Rc7+ Ke6 62. Rc5 Rd5 63. Rc7 Rd2+ 64. Kh3 Rd6 65. Rc5 Rd5 66. Rc6+ Rd6 67. Rc7 Rd7 68. Rc6+ Kd5 69. Rf6 Ke4 70. Ra6 Rd3 71. Rf6 Rd1 72. Rxf7 Kf3 73. Kh2 Rd2+ 74. Kh3 Rg2 75. f5 Rxg3+ 76. Kh2 Rg2+ 77. Kh3 Rg3+ 78. Kh2 Rxg5 79. fxg6+ Kg4 80. g7 h4 81. Rf1 Kh5 82. Rg1 1-0

[Event "Titled Tuesday intern op 16th Jul Early"]
[Site "Chess.com INT"]
[Date "2024.07.16"]
[Round "5"]
[White "Martinez, Shawn"]
[Black "Dixit, Nikhil"]
[Result "0-1"]
[WhiteElo "1921"]
[BlackElo "2382"]
[PlyCount "54"]
[EventDate "2024.07.16"]
[EventType "swiss (blitz)"]
[EventRounds "11"]
[EventCountry "USA"]
[SourceTitle "EXT 2025"]
[Source "ChessBase"]
[SourceDate "2024.10.14"]
[SourceVersion "1"]
[SourceVersionDate "2024.10.14"]
[SourceQuality "1"]

1. e4 g6 2. d4 a6 3. Bd3 Nc6 4. Be3 Bg7 5. c3 d6 6. Nd2 Nf6 7. h3 0-0 8. Ngf3 e5 9. d5 Ne7 10. g4 c6 11. c4 b5 12. b3 bxc4 13. bxc4 cxd5 14. cxd5 Re8 15. Nc4 Nexd5 16. exd5 e4 17. 0-0 Nxg4 18. hxg4 Bxg4 19. Be2 Bxa1 20. Qxa1 Bxf3 21. Bxf3 exf3 22. Bh6 f6 23. Qd4 Qd7 24. Kh2 Qf5 25. Kg3 Re4 26. Nxd6 Qg4+ 27. Kh2 Qg2# 0-1